000 00488nam a2200181Ia 4500
005 20250326125637.0
008 250326s9999 xx 000 0 und d
037 _aTextbook
040 _aFMSL
_beng
_cFMSL
041 _aeng
_2eng
084 _aX:8 L18;1
_qFMSL
100 _aPugh D S
_9130340
245 0 _aOrganization theory
_cPugh D S
260 _aEngland
_bEngland, Penguin Education
_c1971
300 _a150p
942 _cTB
_hX:8 L18;1
999 _c1278929
_d1278929